Statistics for Countries Japan Invaded, Occupied or Fought.

Click here to take the quiz!

General Stats

  • This quiz has been taken 562 times
  • The average score is 28 of 34

Answer Stats

Answer% Correct
China
98%
United States
98%
Russia
96%
South Korea
96%
Indonesia
95%
North Korea
95%
India
94%
Vietnam
94%
Australia
93%
Laos
92%
Cambodia
91%
Malaysia
90%
Thailand
90%
United Kingdom
90%
Mongolia
89%
Burma
88%
Philippines
88%
Singapore
86%
Taiwan
86%
New Zealand
82%
Canada
79%
Brunei
77%
Papua New Guinea
76%
Bangladesh
73%
Marshall Islands
72%
Palau
70%
Solomon Islands
70%
Micronesia
69%
Nauru
67%
East Timor
65%
Nepal
64%
Kiribati
63%
Sri Lanka
57%
Tonga
56%

Score Distribution

Percentile by Number Answered

Percent of People with Each Score

Your Score History

You have not taken this quiz